Spongebob Squarepants theme song - Statistics

General Stats
  • This quiz has been taken 2,545 times
  • The average score is 6 of 9
Answer Stats
Hint Answer % Correct
Who lives in a _____ under the ___? pineapple, sea
96%
SPONGEYBOB ___________! squarepants
79%
__________ _____________ spongebob squarepants
74%
__________ _____________ spongebob squarepants
74%
__________ _____________ spongebob squarepants
74%
Then drop on the ____ and flop like a ___! deck, fish
73%
Absorbent in ____ and pourous is __ yellow, he
68%
If _____ ______ be something you wish nautical nonsense
43%
____? ready
39%
No matching quizzes found
Score Distribution
Percent of People with Each Score
Percentile by Number Answered
Your Score History
You have not taken this quiz